Statistics for Famous Greeks and Romans Quiz

Click here to take the quiz!

General Stats

  • This quiz has been taken 44,752 times
    (44,735 since last reset)
  • The average score is 13 of 24

Answer Stats

ClueAnswer% Correct
He crossed the Rubicon, but didn't
survive the Ides of March
Julius Caesar
94%
Supposed author of "The Iliad"Homer
89%
Founder of the Academy in AthensPlato
76%
He didn't actually fiddle as Rome burnedNero
76%
"Methodic" philospher who
drank hemlock
Socrates
75%
First Roman emperorAugustus
71%
Alexander the Great's tutorAristotle
70%
A2 + B2 = C2Pythagoras
70%
Gladiator who led a slave revoltSpartacus
67%
Namesake of a wall in northern EnglandHadrian
62%
First Christian emperorConstantine
57%
Author of famous fables, circa 600 B.C.Aesop
52%
Had a eureka moment in the bathtubArchimedes
48%
Author of a doctor's oathHippocrates
47%
Led 300 Spartans at ThermopylaeLeonidas
41%
"The Father of History"Herodotus
40%
"The Father of Geometry"Euclid
40%
Lesbian poet, circa 600 B.C.Sappho
36%
Friends, Romans, countrymen,
lend him your ears
Mark Antony
34%
Poet who wrote "Metamorphoses"Ovid
33%
Ancient Rome's most famous physicianGalen
32%
Author of the AeneidVirgil
32%
Roman emperor and stoic philosopherMarcus Aurelius
29%
Famous orator in the waning days
of the Roman Republic
Cicero
27%

Score Distribution

Percentile by Number Answered

Percent of People with Each Score

Your Score History

You have not taken this quiz since the last reset